Heavy Cruisers of the United States Navy - Statistics

General Stats
  • This quiz has been taken 131 times
  • The average score is 26 of 46
Answer Stats
Class Designation Date Commissioned Service Tenure Fate Ship % Correct
Northampton CA-26 May 17, 1930 1930-1942 Sunk in the Battle of Tassafaronga, November 30 ,1942 Northampton
97%
Oregon City CA-125/CLC-1 March 7, 1953 1953-1970 Scrapped in 1977 Northampton
97%
Pensacola CA-24 February 6, 1930 1930-1946 Sunk as a target in 1948 Pensacola
95%
Portland CA-33 February 23, 1933 1933-1946 Scrapped in 1959 Portland
95%
Baltimore CA-68 April 15, 1943 1943-1956 Scrapped in 1972 Baltimore
93%
New Orleans CA-32 February 15, 1934 1934-1947 Scrapped in 1959 New Orleans
92%
Des Moines CA-134 November 16, 1948 1948-1961 Scrapped in 2007 Des Moines
89%
Oregon City CA-122 February 16, 1946 1946-1947 Scrapped in 1973 Oregon City
85%
Wichita CA-45 February 16, 1939 1939-1947 Scrapped in 1959 Wichita
82%
Portland CA-35 November 15, 1932 1932-1945 Sunk by I-58 on July 30, 1945 Indianapolis
79%
Northampton CA-30 June 17, 1930 1930-1942 Sunk in the Battle of the Sunda Strait, March 1, 1942 Houston
77%
New Orleans CA-38 February 10, 1934 1934-1946 Scrapped in 1959 San Francisco
75%
Northampton CA-29 March 9, 1931 1931-1943 Sunk in the Battle of Rennell Island, January 30 ,1943 Chicago
74%
Baltimore CA-136CG-11 January 10, 1945 1945-1980 Scrapped in 1991 Chicago
74%
Baltimore CA-69CAG-1 June 30, 1943 1943-1970 Scrapped in 1975 Boston
67%
Des Moines CA-139 May 14, 1949 1949-1959 Museum Ship at Quincy, Massachusetts Salem
64%
Pensacola CA-25 December 11, 1929 1929-1947 Sunk as a target in 1948 Salt Lake City
64%
New Orleans CA-36 May 19, 1934 1934-1947 Scrapped in 1960 Minneapolis
63%
Baltimore CA-135 July 22, 1945 1945-1963 Scrapped in 1975 Los Angeles
62%
New Orleans CA-39 June 9, 1936 1936-1942 Sunk in the Battle of Savo Island, August 9, 1942 Quincy
58%
Baltimore CA-71 December 15, 1943 1943-1954 Scrapped in 1974 Quincy
58%
Baltimore CA-72 October 10, 1944 1944-1956 Scrapped in 1974 Pittsburgh
56%
New Orleans CA-34 April 28, 1934 1934-1942 Sunk in the Battle of Savo Island, August 9, 1942 Astoria
55%
Des Moines CA-140 Cancelled on June 6, 1946 Cancelled Cancelled Dallas
53%
New Orleans CA-44 February 24, 1937 1937-1942 Sunk in the Battle of Savo Island, August 9, 1942 Vincennes
53%
Northampton CA-31 January 30, 1931 1931-1946 Scrapped in 1959 Augusta
49%
Des Moines CA-148 January 29, 1949 1949-1975 Scrapped in 1993 Newport News
49%
Oregon City CA-124 December 20, 1946 1946-1961 Scrapped in 1974 Rochester
48%
Oregon City CA-123 June 15, 1946 1946-1980 Scrapped in 1990 Albany
47%
Baltimore CA-75 September 4, 1945 1945-1973 Scrapped in 1975 Helena
45%
Northampton CA-28 January 15, 1931 1931-1946 Scrapped in 1959 Louisville
44%
New Orleans CA-37 August 17, 1934 1934-1946 Scrapped in 1959 Tuscaloosa
40%
Baltimore CA-130 April 29, 1945 1945-1960 Scrapped in 1974 Bremerton
38%
Baltimore CA-70CAG-2 October 14, 1943 1943-1970 Scrapped in 1980 Canberra
38%
Baltimore CA-74CG-12 June 8, 1945 1945-1975 Scrapped in 1977 Columbus
38%
Baltimore CA-73 February 17, 1945 1945-1971 Scrapped in 1980 Saint Paul
37%
Northampton CA-27 June 24, 1930 1930-1946 Scrapped in 1959 Chester
36%
Baltimore CA-133 October 27, 1946 1946-1960 Scrapped in 1974 Toledo
33%
Baltimore CA-131 July 1, 1945 1945-1947 Scrapped in 1972 Fall River
32%
Oregon City CA-128 Cancelled on August 12, 1945 Cancelled Cancelled Kansas City
30%
Baltimore CA-132 August 26, 1945 1945-1961 Scrapped in 1973 Macon
30%
Oregon City CA-137 Cancelled on August 12, 1945 Cancelled Cancelled Norfolk
26%
Oregon City CA-129 Cancelled on August 12, 1945 Cancelled Cancelled Tulsa
25%
Oregon City CA-138 Cancelled on August 12, 1945 Cancelled Cancelled Scranton
21%
Oregon City CA-126 Cancelled on August 12, 1945 Cancelled Cancelled Cambridge
19%
Oregon City CA-127 Cancelled on August 12, 1945 Cancelled Cancelled Bridgeport
15%
No matching quizzes found
Score Distribution
Percent of People with Each Score
Percentile by Number Answered
Your Score History
You have not taken this quiz